Movies Quiz

Random Movies or Oscar Quiz

Oscar Record Setters Quiz Stats

 Plays Quiz Updated May 16, 2019

Score 0/34 Timer 10:00
1 Play Today
Oscar Record Answer % Correct
1 of 3 films with the most wins (11)Titanic
87.2%
1 of 3 films with the most nominations (14)Titanic
87.2%
1 of 3 films with the most wins (11)LOTR: The Return of the King
66.2%
Has the most acting nominationsMeryl Streep
58.7%
1 of 3 films with the most nominations (14)La La Land
48.6%
1 of 3 films with the most wins (11)Ben-Hur
42.8%
Longest Best Picture winnerGone With the Wind
42.3%
Male with most acting winsJack Nicholson, Walter Brennan and Daniel Day-Lewis
41.6%
Female with most acting winsKatharine Hepburn
37.9%
Youngest honorary Oscar winnerShirley Temple
34.9%
Youngest winner in a competitive categoryTatum O'Neal
33.2%
Hosted the Academy Awards the most timesBob Hope
31.9%
Oldest Best Actress winnerJessica Tandy
23.8%
Person who has won the most OscarsWalt Disney
20.1%
Youngest Best Actor winnerAdrien Brody
19%
Has the most Best Director winsJohn Ford
18.1%
Oldest Best Actor winnerHenry Fonda
17.9%
Oscar Record Answer % Correct
1 of 3 films with the most nominations (14)All About Eve
15.6%
1 of 2 worst shut-outs in Oscar history (11 noms.)The Color Purple
14.3%
Received longest standing ovation in Oscar historyCharlie Chaplin
13.7%
Was in only 5 films -- all Best Picture winners or nomineesJohn Cazale
13.1%
Oldest Best Actress nomineeEmmanuelle Riva
12.7%
Youngest Best Actress nomineeQuvenzhané Wallis
11.2%
Shortest Best Picture winnerMarty
8.7%
Youngest nominee in a competitive categoryJustin Henry
8%
Youngest Best Actress winnerMarlee Matlin
7.5%
Has the most Best Director nominationsWilliam Wyler
7.3%
1 of 2 worst shut-outs in Oscar history (11 noms.)The Turning Point
5.7%
Youngest Best Actor nomineeJackie Cooper
5.5%
Gave longest acceptance speechGreer Garson
5.3%
Won 2 Oscars for the same performanceHarold Russell
5.1%
Oldest Best Actor nomineeRichard Farnsworth
4.7%
Oldest female honorary Oscar winnerMaureen O'Hara
1.8%
Oldest male honorary Oscar winnerRobert F. Boyle
1.8%

You're not logged in!

Compare scores with friends on all Sporcle quizzes.
OR
Log In

Sporcle TV

Today on Sporcle TV


Watch our educational content, quiz creation guides, and fun videos on Sporcle TV.

Show Comments

Extras

Top Quizzes Today


Score Distribution

Your Account Isn't Verified!

In order to create a playlist on Sporcle, you need to verify the email address you used during registration. Go to your Sporcle Settings to finish the process.

Report this User

Report this user for behavior that violates our Community Guidelines.

Details: